LEADER 01086nam a2200229 i 4500 001 000000240706 003 CaOOAMICUS 005 20150408000000.0 008 150408s1806 it u000 u fre u 013 $a219611 026 $ao-s- s,ni s.ve Lafa (3) 1806 (A) 040 $aSeMil$bita 245 10$aDétails géographiques par M. l'abbe Rossignol de Vallouise. 260 $aA Milan :$bChez Marelli,$c1806. 300 $a[2], VIII, 408 p. ;$c8°. 490 0 $aCollection complète des oeuvres de Jean Joseph Rossignol jésuite disposées par ordre des matières 700 1 $aRossignol, Jean-Joseph .$0(OLS)http://semarc/name/10658 830 0$aCollection complète des oeuvres de Jean Joseph Rossignol jésuite disposées par ordre des matières.$0(OLS)http://semarc/title/43033 850 $aSeMil 852 $aSeMil$W1$xVenegono$y1$m3D IV 72 FA$j191052$B191052$CSeMilBibl$Z2$F201869 $8I 996 $6245$aDétails géographiques par M. l'abbe Rossignol de Vallouise$9(OLS)http://semarc/title/342263 996 $6260$aA Milan :$bChez Marelli$9(OLS)http://semarc/publisher/54474 LEADER 00973nam a2200217 i 4500 001 000000201946 003 CaOOAMICUS 005 20110512000000.0 008 110512n it u000 u ita u 013 $a180652 040 $aSeMil$bita 100 1 $aValiani, Leo,$d<1909-1999>.$0(OLS)http://semarc/name/18236 245 13$aLe matrici politiche del partito d'azione /$cDi Leo Valiani. 260 $a[S.l. :$bs.n.],$c[19--?] 300 $aP. 23-54 ;$c21 cm. 500 $aEstratto da : Il Partito d'Azione dalle origini all'inizio della Resistenza armata. - In testa alla copertina : F.I.A.P., Federazione italiana associazioni partigiane, Istituto di Studi Ugo La Malfa. 850 $aSeMil 852 $aSeMil$W1$xVenegono$y1$m5D VIII 20/11$j152472$B152472$CSeMilBibl$Z2$F163561 $81 961 $aOmaggio: Altro 996 $6245$aLe matrici politiche del partito d'azione$9(OLS)http://semarc/title/292320 996 $6260$a[S.l. :$bs.n.]$9(OLS)http://semarc/publisher/29751